| 000 | 00689nam a22002177a 4500 | ||
|---|---|---|---|
| 999 |
_c153749 _d153749 |
||
| 003 | dpl | ||
| 005 | 20230228121905.0 | ||
| 008 | 180710b xxu||||| |||| 00| 0 eng d | ||
| 020 |
_a8178294621 _c295.00 |
||
| 035 | _aB-127885 | ||
| 040 |
_aDPL _bEN _c0 |
||
| 082 |
_a658.4 _bBEA |
||
| 100 | _aBeatty, Carol A | ||
| 245 |
_aBuilding smart teams: _ba roadmap to high performance; _cby Carol A. Beatty [and] Brenda A. Barker Scott / |
||
| 260 |
_aNew Delhi _bResponse Books _c2004 |
||
| 270 |
_aPanchsheel enclave _bNew Delhi _e110017 |
||
| 300 |
_aix,191p. _c23cm.(pbk) |
||
| 500 | _aincludes index | ||
| 700 | _aScott, Brenda A. Barker | ||
| 942 |
_2ddc _cEN _h658.4 _mBEA |
||